[Event "Rilton Cup 50th"]
[Site "Stockholm"]
[Date "2023.01.05"]
[Round "9"]
[White "Pantzar, Milton"]
[Black "Kalogridis, Antonios"]
[Result "0-1"]
[WhiteElo "2465"]
[BlackElo "2293"]
[PlyCount "228"]
[EventDate "2022.12.27"]
[EventType "swiss"]
[EventRounds "9"]
[EventCountry "SWE"]
[SourceTitle "CBM 212 Extra"]
[Source "ChessBase"]
[SourceDate "2023.03.31"]
[SourceVersion "1"]
[SourceVersionDate "2023.03.31"]
[SourceQuality "1"]

1. d4 Nf6 2. Nf3 g6 3. Nbd2 d5 4. b4 Bg7 5. e3 0-0 6. Be2 a5 7. b5 c5 8. bxc6 Nxc6 9. 0-0 Bf5 10. Bb2 Rb8 11. a4 Nb4 12. c3 Bc2 13. Qc1 Bd3 14. Bxd3 Nxd3 15. Qc2 Nxb2 16. Qxb2 Ne8 17. c4 e6 18. Rfc1 Nc7 19. Qb6 Na6 20. Qb5 Nb4 21. cxd5 exd5 22. Ne1 Re8 23. Nd3 Nxd3 24. Qxd3 Bf8 25. Nf3 Bb4 26. Qb5 f6 27. Ne1 Re6 28. Qe2 Bd6 29. Nd3 Qd7 30. g3 b6 31. Qa2 Bc7 32. Rab1 Rd8 33. Rb5 g5 34. Qc2 Bb8 35. Qb3 Bc7 36. Qc2 Bb8 37. Qd1 Kg7 38. Qg4 Kg6 39. Qf3 h5 40. Kg2 Bc7 41. Qd1 Bb8 42. Nb2 Rd6 43. Qf3 Rh8 44. Nd3 h4 45. g4 h3+ 46. Kf1 Rh4 47. Qf5+ Qxf5 48. gxf5+ Kxf5 49. Rc8 Ba7 50. f3 Rh7 51. Nf2 Ke6 52. Rb1 Rhd7 53. Nxh3 Rd8 54. Rc2 Bb8 55. Nf2 Rh8 56. Ng4 Kd7 57. Ke2 Re6 58. Rb5 Rd6 59. Kd3 Rh3 60. Rf2 Ke6 61. Rf1 Rc6 62. e4 dxe4+ 63. Kxe4 Kf7 64. Rf2 Kg6 65. Kd3 Bf4 66. d5 Rd6 67. Ne3 Bxe3 68. Kxe3 Kf5 69. Rc2 g4 70. Rf2 Ke5 71. Ke2 gxf3+ 72. Rxf3 Rxh2+ 73. Kd3 Ra2 74. Re3+ Kf5 75. Rf3+ Kg4 76. Re3 Ra3+ 77. Kd2 Rxa4 78. Re6 Rd4+ 79. Ke3 R4xd5 80. Rxf6 Rxb5 81. Rxd6 Kf5 82. Kd4 Rb4+ 83. Kc3 Ke5 84. Rd8 Ke6 85. Rd1 Rb5 86. Kc4 Rc5+ 87. Kb3 Rd5 88. Rc1 Kd6 89. Ka4 Rc5 90. Rh1 Rc4+ 91. Kb3 Rb4+ 92. Ka3 Kc6 93. Rh6+ Kb5 94. Rh5+ Ka6 95. Rh6 Rg4 96. Kb3 a4+ 97. Ka3 Ka5 98. Rh8 Rg3+ 99. Ka2 b5 100. Rh5 a3 101. Rh4 b4 102. Rh8 Rg2+ 103. Ka1 Ka4 104. Rh4 Rg5 105. Ka2 Kb5 106. Rh8 Rg2+ 107. Kb1 b3 108. Rh5+ Kc4 109. Rh4+ Kd5 110. Rh5+ Ke4 111. Rh1 Kf3 112. Rd1 Re2 113. Rh1 Kg2 114. Rd1 Kf2 0-1

[Event "Rilton Cup 50th"]
[Site "Stockholm"]
[Date "2023.01.03"]
[Round "7"]
[White "Akesson, Ralf"]
[Black "Kalogridis, Antonios"]
[Result "0-1"]
[WhiteElo "2404"]
[BlackElo "2293"]
[PlyCount "112"]
[EventDate "2022.12.27"]
[EventType "swiss"]
[EventRounds "9"]
[EventCountry "SWE"]
[SourceTitle "CBM 212 Extra"]
[Source "ChessBase"]
[SourceDate "2023.03.31"]
[SourceVersion "1"]
[SourceVersionDate "2023.03.31"]
[SourceQuality "1"]

1. c4 Nf6 2. Nc3 c5 3. Nf3 d5 4. cxd5 Nxd5 5. d4 Nxc3 6. bxc3 g6 7. h4 Bg7 8. h5 Nc6 9. e3 cxd4 10. cxd4 e5 11. Bb2 exd4 12. Qd2 0-0 13. hxg6 hxg6 14. Nxd4 Nxd4 15. Bxd4 Bf5 16. Bc4 Rc8 17. Bb3 Bxd4 18. exd4 Re8+ 19. Kf1 Qf6 20. Kg1 Re4 21. Rd1 Rce8 22. f3 Re2 23. Qf4 g5 24. Qg3 Bg6 25. Kh2 Kg7 26. Rhf1 Qe7 27. f4 Qd6 28. Qxg5 R2e4 29. Rd3 Rh8+ 30. Kg1 Rxd4 31. Re3 Rh5 32. Qe7 Qb6 33. Bxf7 Rd7 34. Qxd7 Qxe3+ 35. Rf2 Qe1+ 36. Rf1 Rh1+ 37. Kxh1 Qxf1+ 38. Kh2 Qxf4+ 39. Kg1 Qe3+ 40. Kh2 Qe5+ 41. Kg1 Bxf7 42. Qxb7 Qa1+ 43. Kh2 Qxa2 44. Qe7 Qa5 45. Kg3 Qb6 46. Qe5+ Kf8 47. Kf3 a5 48. Ke2 a4 49. Qh8+ Bg8 50. Qc3 Qb3 51. Kd2 Be6 52. g4 Qd5+ 53. Kc2 Qg2+ 54. Kb1 Qxg4 55. Qc5+ Kg8 56. Qc3 Qd1+ 0-1

[Event "Rilton Cup 50th"]
[Site "Stockholm"]
[Date "2022.12.31"]
[Round "5"]
[White "Miezis, Normunds"]
[Black "Kalogridis, Antonios"]
[Result "0-1"]
[WhiteElo "2441"]
[BlackElo "2293"]
[PlyCount "150"]
[EventDate "2022.12.27"]
[EventType "swiss"]
[EventRounds "9"]
[EventCountry "SWE"]
[SourceTitle "CBM 212 Extra"]
[Source "ChessBase"]
[SourceDate "2023.03.31"]
[SourceVersion "1"]
[SourceVersionDate "2023.03.31"]
[SourceQuality "1"]

1. c4 Nf6 2. Nc3 c5 3. Nf3 d5 4. cxd5 Nxd5 5. e3 e6 6. d4 cxd4 7. exd4 Nxc3 8. bxc3 Qc7 9. Bd2 Nd7 10. Bd3 b6 11. 0-0 Bb7 12. Re1 Be7 13. Re3 0-0 14. Qb3 Bd6 15. Ng5 Bxh2+ 16. Kf1 h6 17. Rh3 Bf4 18. Qc2 Nf6 19. Bh7+ Kh8 20. Bd3 Rac8 21. Re1 Bd5 22. Ne4 Nxe4 23. Bxe4 Bc4+ 24. Bd3 Rfd8 25. Kg1 Bxd2 26. Qxd2 Bxd3 27. Qxd3 Rd5 28. Re4 Rg5 29. Qe3 Kg8 30. Reh4 Kf8 31. Rf3 Qc4 32. Qf4 Rf5 33. Qd6+ Kg8 34. Rxf5 exf5 35. Rh3 Qxa2 36. Qd7 Qe6 37. Qxa7 Qe1+ 38. Kh2 Qxf2 39. Rf3 Qh4+ 40. Kg1 Rxc3 41. Rxc3 Qxd4+ 42. Kh1 Qxc3 43. Qb8+ Kh7 44. Qxb6 Qe1+ 45. Kh2 Qe6 46. Qd4 h5 47. Qd1 g6 48. Qd8 Qe5+ 49. Kh1 f4 50. Qa8 h4 51. Qb7 Kg7 52. Qb4 g5 53. Qb1 Qe6 54. Qa1+ Kh7 55. Qb1+ Qg6 56. Qc1 Qf5 57. Qc3 g4 58. Qe1 Kg6 59. Kg1 Kg5 60. Qe7+ Qf6 61. Qc5+ Kg6 62. Qc2+ Kg7 63. Qe4 Qg5 64. Qd4+ Kg6 65. Qe4+ Qf5 66. Qc6+ Kg5 67. Qb6 Qd5 68. Qb1 h3 69. gxh3 gxh3 70. Qf1 Qg2+ 71. Qxg2+ hxg2 72. Kxg2 Kg4 73. Kf2 f3 74. Kg1 Kg3 75. Kh1 Kf2 0-1

[Event "Rilton Cup 50th"]
[Site "Stockholm"]
[Date "2022.12.29"]
[Round "3"]
[White "Westerberg, Jonathan"]
[Black "Kalogridis, Antonios"]
[Result "1-0"]
[WhiteElo "2476"]
[BlackElo "2293"]
[PlyCount "69"]
[EventDate "2022.12.27"]
[EventType "swiss"]
[EventRounds "9"]
[EventCountry "SWE"]
[SourceTitle "CBM 212 Extra"]
[Source "ChessBase"]
[SourceDate "2023.03.31"]
[SourceVersion "1"]
[SourceVersionDate "2023.03.31"]
[SourceQuality "1"]

1. e4 c5 2. c4 Nc6 3. Nc3 g6 4. g3 Bg7 5. Bg2 a6 6. a3 b5 7. cxb5 axb5 8. Nxb5 Ba6 9. Bf1 Nf6 10. Nc3 Bxf1 11. Kxf1 0-0 12. d3 d5 13. Bg5 dxe4 14. dxe4 Qb8 15. Rb1 Rd8 16. Qe2 Nd4 17. Qc4 Ng4 18. Kg2 Ne5 19. Qf1 Qb7 20. Bf4 Nb3 21. Rd1 Rxd1 22. Qxd1 Nc4 23. Qe2 Nxa3 24. Nf3 Nd4 25. Nxd4 cxd4 26. Nd5 Nb5 27. Rc1 e5 28. Bg5 h6 29. Bf6 Bxf6 30. Nxf6+ Kg7 31. Nd5 Ra2 32. Qf3 Qa6 33. Nb4 Qa4 34. Nxa2 Qxa2 35. Rc6 1-0

[Event "Rilton Cup 50th"]
[Site "Stockholm"]
[Date "2022.12.27"]
[Round "1"]
[White "Keinanen, Toivo"]
[Black "Kalogridis, Antonios"]
[Result "1-0"]
[WhiteElo "2508"]
[BlackElo "2293"]
[PlyCount "77"]
[EventDate "2022.12.27"]
[EventType "swiss"]
[EventRounds "9"]
[EventCountry "SWE"]
[SourceTitle "CBM 212 Extra"]
[Source "ChessBase"]
[SourceDate "2023.03.31"]
[SourceVersion "1"]
[SourceVersionDate "2023.03.31"]
[SourceQuality "1"]

1. d4 Nf6 2. Nf3 g6 3. Nbd2 d5 4. b4 e6 5. Rb1 a5 6. b5 Bb4 7. Bb2 Ne4 8. Qc1 f5 9. e3 Nd7 10. c3 Be7 11. c4 0-0 12. Bd3 g5 13. Qc2 g4 14. Ng1 Bb4 15. Bxe4 fxe4 16. Ne2 Bxd2+ 17. Qxd2 Nb6 18. c5 Nc4 19. Qc3 a4 20. h3 Qe8 21. hxg4 Qxb5 22. 0-0 Qa5 23. Qxa5 Rxa5 24. Bc3 Ra8 25. Nf4 Rf7 26. Rfe1 c6 27. Kh2 e5 28. dxe5 Bxg4 29. e6 Rc7 30. f3 exf3 31. gxf3 Bf5 32. e4 dxe4 33. Rg1+ Bg6 34. Nxg6 hxg6 35. Rxg6+ Kh7 36. Rg4 Ne3 37. Rh4+ Kg6 38. Rg1+ Kf5 39. fxe4+ 1-0